Türkiye'deki Amerika (Kayıt no. 4898)

MARC ayrıntıları
000 -BAŞLIK
Sabit Uzunlukta Kontrol Alanı 00730na a2200265 4500
001 - KONTROL NUMARASI
Denetim Alanı 14324
003 - KONTROL NUMARASI IDENTIFIER
Denetim Alanı MIRAKIL
005 - SON İŞLEM TARİHİ VE ZAMANI
Denetim Alanı 20181213155021.0
008 - SABİT-BOY VERİ ELEMANLARI - GENEL BİLGİLER
Sabit Uzunlukta Kontrol Alanı 160904b tu 000 0
020 ## - ULUSLARARASI STANDART KİTAP NUMARASI
Uluslararası Standart Kitap Numarası 9757369284
035 ## - SİSTEM KONTROL NUMARASI
Sistem Kontrol Numarası 14324
040 ## - KATALOGLAMA KAYNAK
Orijinal Kataloglama Ajansı Milas
Kataloglama Dili tur
Metne Dönüştürmek Ajansı TR-AnCHP
082 ## - DEWEY ONLU SINIFLANDIRMA NUMARASI
Sınıflandırma Numarası 355.4
Ürün Numarası Ö94t 1993
090 ## - SINIFLAMA NUMARASI
Sınıflama Numarası 327.12 Ö94t 1993
100 ## - ANA GİRİŞ - KİŞİSEL İSİM
Kişisel Ad Özkan, Abdullah
245 ## - BAŞLIK TABLOSU
Başlık Türkiye'deki Amerika
Sorumluluk Tablosu, Vb Abdullah Özkan
260 ## - YAYIN, DAĞITIM, VB
Yayın, Dağıtım, Vb Yeri İstanbul
Yayıncı, Dağıtıcı, Vs Adı Emre Yayınları
Yayın, Dağıtım, Vb Tarihi 1993
300 ## - FİZİKSEL TANIM
Kapsam 222 s.
Boyutlar 18 sm.
490 ## - SERİSİ TABLOSU
Seri Beyanı Güncel kitaplar dizisi
Hacim / Ardışık Tanımı 6
490 ## - SERİSİ TABLOSU
Seri Beyanı Emre yayınları
Hacim / Ardışık Tanımı 26
650 ## - KONU KATMA GİRİŞ - TOPİKAL DÖNEM
Topikal Süreli Veya Coğrafi Ad Giriş Elemanı Kontrgerilla
Coğrafi Alt Bölümü Türkiye
650 ## - KONU KATMA GİRİŞ - TOPİKAL DÖNEM
Topikal Süreli Veya Coğrafi Ad Giriş Elemanı Uluslararası ilişkiler
Genel Alt Bölümü Türkiye
-- ABD
650 ## - KONU KATMA GİRİŞ - TOPİKAL DÖNEM
Topikal Süreli Veya Coğrafi Ad Giriş Elemanı Savunma
Genel Alt Bölümü Türkiye
942 ## - EKLENDİ GİRİŞ ELEMANLARI (KOHA)
Sınıflandırma Veya Raf Düzeni Kaynak
Koha Öğesi Türü Kitaplar
999 ## - SİSTEM KONTROL NUMARALARI (KOHA)
Koha Biblionumber 4898
Koha Biblioitemnumber 4898
Mevcut
Kalıcı Konum Mevcut Konum Edinme Tarihi Edinim Kaynak Toplam Check-Out'Lar Tam Çağrı Numarası Barkod Tarih Son Görülme İtibaren Geçerli Fiyatlar Koha Öğesi Türü
CHP Kütüphanesi CHP Kütüphanesi 08/26/2016 Bağış   327.12 Ö94t 1993 001868 08/26/2016 08/26/2016 Kitaplar